000 00662nam a22002417a 4500
003 UA-OsUOA
001 95951
007 ta
008 20130313b un ||||| |||| 00| 0 ukr d
100 _aЛисенко І. М.
090 _a7.071.2(031)
_bЛ63
942 _cBK
040 _aUA-OsUOA
_bukr
_cUA-OsUOA
_dUA-OsUOA
245 _aСпіваки України
_bенциклопедичне видання
300 _a639 с.
955 _a1
041 _aukr
080 _a7.071.2(031)
020 _a978-617-07-0077-3
260 _aК.
_bЗнання
_c2012
650 7 _a7.0 Загальні питання мистецтва
_2UDC
999 _c382197
_d382197